| 000 | 00741nam a2200265 i 4500 | ||
|---|---|---|---|
| 001 | bg | ||
| 100 | 1 | _aBUKSIŃSKI, Tadeusz | |
| 245 | 1 | 0 |
_aRysunek techniczny / _cTadeusz Buksiński, Antoni Szpecht. |
| 250 | _aWyd. 24. | ||
| 260 |
_aWarszawa : _bWydawnictwa Szkolne i Pedagogiczne, _c1994. |
||
| 300 |
_a295, [1] s. : _brys., wykr. ; _c24 cm. |
||
| 504 | _aWykaz norm s. 300-[301]. | ||
| 521 | _aDla klas I i II tech. mech. | ||
| 650 | 9 | _aRysunek techniczny | |
| 655 | _aPodręczniki szkolne | ||
| 700 | 1 | _aSZPECHT, Antoni | |
| 015 | _aPB 5415/98 | ||
| 020 | _a8302055670 | ||
| 040 | _cBPK | ||
| 041 | 0 | _apol | |
| 080 | _a744(075.3) | ||
| 920 | _a83-02-05567-0 | ||
| 942 | _cKS | ||
| 008 | s pl f |000 0 pol | ||
| 999 |
_c46496 _d46496 |
||
| 856 |
_uhttp://koha.tu.koszalin.pl/cgi-bin/koha/opac-detail.pl?biblionumber=46496 _yKatalog online BPK |
||